| 000 | 00409cam a2200169ua 4500 | ||
|---|---|---|---|
| 020 | _c0.50 | ||
| 041 |
_amal _h |
||
| 082 |
_a332.4 _bDAM/PA |
||
| 100 | _aDamordaran, K . | ||
| 245 |
_aPanam muthal paisa vare / _cK Damodaran. _hTextual Documents |
||
| 260 |
_aEranakulam : _bPrabhath Book House , _c1959. |
||
| 300 | _a39 ; . | ||
| 365 | _a0.50 | ||
| 504 | _a | ||
| 942 | _cBK | ||
| 999 |
_c4639 _d4639 |
||